000 01107nam a22003017a 4500
005 20240530110443.0
008 150422s2012 su a g 000 0 ara d
017 _a1432/7843
_bالسعودية . مكتبة الملك فهد الوطنية
020 _a9786038087305
040 _aEG-CaGPL
082 0 4 _221
_a150.19\
_bم ت
100 0 _aمحمود مندوة محمد سالم.
245 1 0 _aتاريخ علم النفس و مدارسه /
_cمحمود مندوة محمد سالم.
250 _aط1.
260 _aالرياض :
_bدار الزهراء ،
_c2012.
300 _a355 ص ؛
_c24 سم.
600 0 _aفونت
600 0 _aبافلوف
_xنظرية التعلم الشرطى
650 0 4 _aعلم النفس
650 0 4 _aالقياس النفسى
650 0 4 _aعصر النهضة
_zاوربا
650 0 4 _aالتعلم الشرطى
650 0 4 _aعلم النفس التجريبى
650 0 4 _aعلم النفس
_xالعوامل المؤثرة على
650 0 4 _aعلم النفس
_xتاريخ
942 _2ddc
_cBK
999 _c61090
_d61090